[Event "GER-chT U20"]
[Site "Magdeburg"]
[Date "2023.12.30"]
[Round "7.2"]
[White "Avdic, Faris"]
[Black "Epp, Magnus"]
[Result "1-0"]
[WhiteElo "2197"]
[BlackElo "1478"]
[PlyCount "69"]
[EventDate "2023.12.26"]
[EventType "team-swiss"]
[EventRounds "7"]
[EventCountry "GER"]
[SourceTitle "CB03_2024"]
[SourceDate "2024.01.17"]
[SourceVersion "1"]
[SourceVersionDate "2024.01.17"]
[SourceQuality "1"]
[WhiteTeam "Hamburger SK"]
[BlackTeam "Biberach"]
[WhiteTeamCountry "GER"]
[BlackTeamCountry "GER"]

1. d4 Nf6 2. c4 g6 3. Nc3 Bg7 4. e4 d6 5. Be2 e5 6. d5 0-0 7. Be3 Nbd7 8. g4 Ne8 9. h4 f6 10. h5 Rf7 11. hxg6 hxg6 12. g5 Nf8 13. gxf6 Bxf6 14. Nf3 g5 15. Qd2 Rg7 16. 0-0-0 Nh7 17. Rdg1 Be7 18. Rg2 Bd7 19. Nh2 Bf8 20. Bg4 Bxg4 21. Nxg4 Rg6 22. Rgh2 Nef6 23. Nxf6+ Nxf6 24. Bxg5 Bg7 25. f3 Qd7 26. Ne2 Rf8 27. Ng3 Ne8 28. Qe3 b6 29. Rg2 Kf7 30. Nf5 Nf6 31. Nh4 Rh8 32. Rhg1 Rxg5 33. Rxg5 Bh6 34. Nf5 Bxg5 35. Qxg5 1-0

[Event "GER-chT Lands U20"]
[Site "Hannover"]
[Date "2023.10.01"]
[Round "2"]
[White "Avdic, Faris"]
[Black "Pikalow, Michael"]
[Result "1/2-1/2"]
[WhiteElo "2106"]
[BlackElo "2035"]
[PlyCount "62"]
[EventDate "2023.10.01"]
[EventType "team-swiss"]
[EventRounds "7"]
[EventCountry "GER"]
[SourceTitle "EXT 2024"]
[Source "ChessBase"]
[SourceDate "2023.10.10"]
[SourceVersion "1"]
[SourceVersionDate "2023.10.10"]
[SourceQuality "1"]

1. d4 c5 2. d5 Nf6 3. Nc3 d6 4. e4 g6 5. Nf3 Bg7 6. Nd2 0-0 7. Be2 e5 8. Nc4 b5 9. Nxb5 Nxe4 10. 0-0 a6 11. Nba3 f5 12. c3 Ra7 13. f3 Nf6 14. f4 e4 15. Nc2 a5 16. a4 Bb7 17. N2e3 Na6 18. Qb3 Kh8 19. Rd1 Ba8 20. Qb6 Qxb6 21. Nxb6 Nc7 22. Nxa8 Rfxa8 23. Bb5 Nxb5 24. axb5 Rb8 25. Nc4 Bf8 26. Rxa5 Rxa5 27. Nxa5 Rxb5 28. Nc4 Kg7 29. h3 h5 30. Be3 Rb8 31. Bf2 Kf7 1/2-1/2

[Event "Itzehoe op"]
[Site "Itzehoe"]
[Date "2022.10.03"]
[Round "5"]
[White "Vollbehr, Bjarne"]
[Black "Avdic, Faris"]
[Result "1-0"]
[WhiteElo "1753"]
[BlackElo "1991"]
[PlyCount "77"]
[EventDate "2022.10.01"]
[EventType "swiss"]
[EventRounds "5"]
[EventCountry "GER"]
[SourceTitle "CBM 210 Extra"]
[Source "ChessBase"]
[SourceDate "2022.11.30"]
[SourceVersion "1"]
[SourceVersionDate "2022.11.30"]
[SourceQuality "1"]

1. d4 Nf6 2. c4 c5 3. d5 b5 4. cxb5 a6 5. b6 e6 6. Nc3 Nxd5 7. Nxd5 exd5 8. Qxd5 Nc6 9. Nf3 Qxb6 10. Ne5 Nxe5 11. Qxa8 Qc7 12. g3 Bd6 13. Bg2 0-0 14. Qd5 Nc6 15. 0-0 Bb7 16. Bd2 Nd8 17. Qb3 Bxg2 18. Kxg2 Ne6 19. Bc3 Qc6+ 20. f3 c4 21. Qc2 Bc5 22. e4 g6 23. Rad1 f5 24. Qe2 Bb6 25. Bb4 Rf7 26. Rd6 Qb5 27. Bc3 f4 28. Rfd1 fxg3 29. hxg3 Bc7 30. R6d5 Qc6 31. Qd2 d6 32. Ba5 Nc5 33. Bxc7 Qxc7 34. Rxd6 Nd3 35. Rxd3 cxd3 36. Qxd3 Qb7 37. b3 h5 38. Qd5 Qb4 39. Qd6 1-0

[Event "Itzehoe op"]
[Site "Itzehoe"]
[Date "2022.10.02"]
[Round "3"]
[White "Popvasilev, Kalojan"]
[Black "Avdic, Faris"]
[Result "1-0"]
[WhiteElo "2198"]
[BlackElo "1991"]
[PlyCount "119"]
[EventDate "2022.10.01"]
[EventType "swiss"]
[EventRounds "5"]
[EventCountry "GER"]
[SourceTitle "CBM 210 Extra"]
[Source "ChessBase"]
[SourceDate "2022.11.30"]
[SourceVersion "1"]
[SourceVersionDate "2022.11.30"]
[SourceQuality "1"]

1. e4 e6 2. d3 d5 3. Qe2 dxe4 4. dxe4 e5 5. Nc3 Nc6 6. Bd2 Be6 7. 0-0-0 Nd4 8. Qd3 Qd7 9. Qg3 f6 10. f4 Bd6 11. f5 Bxa2 12. Be3 Qf7 13. Nb5 Nxb5 14. Bxb5+ Kf8 15. Ne2 Bc4 16. Bxc4 Qxc4 17. Qf3 Ne7 18. g4 Qa2 19. Nc3 Qa1+ 20. Kd2 Qxb2 21. Rb1 Qa3 22. Ra1 Qb4 23. Ra4 Rd8 24. Rxb4 Bxb4+ 25. Ke2 Bxc3 26. g5 Bd4 27. gxf6 gxf6 28. Bh6+ Ke8 29. Qh5+ Kd7 30. Qf7 Rhg8 31. Bg7 Kc8 32. Qxe7 Rd7 33. Qxf6 Rdxg7 34. Qe6+ Kd8 35. f6 Rg2+ 36. Kd3 Bc5 37. Qxe5 Bd6 38. Qd5 Rf8 39. Rf1 Rg6 40. f7 Ke7 41. e5 Re6 42. Rf5 c6 43. Qe4 Bc5 44. Qc4 Bb6 45. Qb4+ c5 46. Qe4 Rc6 47. Qh4+ Kd7 48. Qxh7 Bd8 49. Qg7 Be7 50. h4 c4+ 51. Ke4 a5 52. h5 a4 53. h6 Rcc8 54. h7 c3 55. Qg8 Rc4+ 56. Kd5 Rh4 57. Rf4 Rh6 58. Rxa4 Rc8 59. Qxc8+ Kxc8 60. Ra8+ 1-0

[Event "Hamburg-chT Landesliga 2122"]
[Site "Hamburg"]
[Date "2022.06.19"]
[Round "5.7"]
[White "Reuber, Artur"]
[Black "Avdic, Faris"]
[Result "1-0"]
[WhiteElo "2148"]
[BlackElo "1891"]
[PlyCount "61"]
[EventDate "2021.10.31"]
[EventType "team-tourn"]
[EventRounds "9"]
[EventCountry "GER"]
[SourceTitle "EXT 2024"]
[Source "ChessBase"]
[SourceDate "2023.10.10"]
[SourceVersion "1"]
[SourceVersionDate "2023.10.10"]
[SourceQuality "1"]
[WhiteTeam "St Pauli II"]
[BlackTeam "Hamburger SK V"]
[WhiteTeamCountry "GER"]
[BlackTeamCountry "GER"]

1. c4 c5 2. g3 Nc6 3. Bg2 Nf6 4. Nc3 g6 5. Nf3 Bg7 6. d4 cxd4 7. Nxd4 0-0 8. 0-0 Ng4 9. e3 d6 10. h3 Nxd4 11. exd4 Nh6 12. g4 Rb8 13. Bg5 Kh8 14. Qd2 Ng8 15. Rfd1 f5 16. f3 Be6 17. d5 Bd7 18. Be3 Rc8 19. Bf1 a6 20. b4 fxg4 21. fxg4 e5 22. Ne4 Qh4 23. Bg5 Rxf1+ 24. Kg2 Rxd1 25. Qxd1 Rxc4 26. Nxd6 Nf6 27. Bxh4 Rd4 28. Bxf6 Bxf6 29. Qf3 Bg7 30. Qf7 Ba4 31. Rc1 1-0